Addressing Gender Bias: Graduate Training in Economics (Record no. 3776)

000 -LEADER
fixed length control field 00545nam a22001577a 4500
003 - CONTROL NUMBER IDENTIFIER
control field ALUPE UNIVERSITY
005 - DATE AND TIME OF LATEST TRANSACTION
control field 20220210063249.0
008 - FIXED-LENGTH DATA ELEMENTS--GENERAL INFORMATION
fixed length control field 220210b ||||| |||| 00| 0 eng d
020 ## - INTERNATIONAL STANDARD BOOK NUMBER
International Standard Book Number 9966900535
040 ## - CATALOGING SOURCE
Transcribing agency ALUPE UNIVERSITY
050 ## - LIBRARY OF CONGRESS CALL NUMBER
Classification number HB71
Item number .A33 1995
245 ## - TITLE STATEMENT
Title Addressing Gender Bias: Graduate Training in Economics
Remainder of title Report of the 1994 AERC Workshop on Women and Graduate Training in Economics.
260 ## - PUBLICATION, DISTRIBUTION, ETC.
Place of publication, distribution, etc. Nairobi Kenya.
Name of publisher, distributor, etc. African Economic Research Consortium.
Date of publication, distribution, etc. c1995.
300 ## - PHYSICAL DESCRIPTION
Extent (viii, 179p)
Dimensions 25cm
942 ## - ADDED ENTRY ELEMENTS (KOHA)
Source of classification or shelving scheme
Koha item type Book
Holdings
Withdrawn status Lost status Source of classification or shelving scheme Damaged status Not for loan Permanent Location Current Location Shelving location Date acquired Source of acquisition Total Checkouts Full call number Barcode Date last seen Copy number Price effective from Koha item type Public note
          AU LIBRARY AU LIBRARY Open Shelf 10.02.2022 DONATION FROM MOI UNIVERSITY   HB71 .A33 1995 C1 28005068 10.02.2022 1 10.02.2022 Book CM
          AU LIBRARY AU LIBRARY Open Shelf 30.03.2022 DONATION FROM MOI UNIVERSITY   HB71 .A33 1995 C2 28011806 30.03.2022 2 30.03.2022 Book CM
          AU LIBRARY AU LIBRARY Open Shelf 31.03.2022 DONATION FROM MOI UNIVERSITY   HB71 .A33 1995 C3 28007218 31.03.2022 3 31.03.2022 Book DO
          AU LIBRARY AU LIBRARY Open Shelf 20.04.2022 DONATION FROM MOI UNIVERSITY   HB71 .A33 1995 C4 28009194 20.04.2022 4 20.04.2022 Book BA
          AU LIBRARY AU LIBRARY Open Shelf 20.04.2022 DONATION FROM MOI UNIVERSITY   HB71 .A33 1995 C5 28009193 20.04.2022 5 20.04.2022 Book BA
          AU LIBRARY AU LIBRARY Open Shelf 23.05.2022 DONATION FROM MOI UNIVERSITY   HB71 .A33 1995 C6 28007946 23.05.2022 6 23.05.2022 Book JO

Powered by Koha